000 00449 a2200157 4500
003 OSt
005 20250610104327.0
008 250531b |||||||| |||| 00| 0 eng d
020 _a9781307999808
040 _coclc
082 _a658.15
_bIIM/F
245 _aFinancial markets & instruments and corporate Finance /
260 _bMcGraw Hill,
_c2024.
300 _a852 pages
942 _2ddc
_cBK
_h658.15
_iIIM/F
_k658.15
_mIIM/F
999 _c44498
_d44498